[Event "AUTO-ADV-17"]
[Site "http://www.queenalice.com/game.php?id=4537"]
[Date "2005.2.1"]
[Round "1"]
[White "torkonator"]
[Black "Knightmare"]
[Result "0-1"]
[WhiteElo "1111"]
[BlackElo "1846"]

1. e4 c5 2. Nf3 Nc6 3. d4 cxd4 4. Nxd4 Nf6 5. Nc3 e6 6. Bg5 Be7 7. Bb5 Nxd4 8.
Qxd4 b6 9. O-O O-O 10. Rad1 Nd5 11. exd5 Bxg5 12. f4 Bf6 13. Qe4 Bb7 14. Qc4 a6
15. Bxd7 Qxd7 16. dxe6 Qxe6 17. Qxe6 fxe6 18. Rd3 Rad8 19. Re3 Bd4 20. Nd1 e5
21. fxe5 Rxf1+ 22. Kxf1 Bxe3 23. Nxe3 Kf7 24. b3 Ke6 25. Nc4 b5 26. Na5 Be4 27.
c4 bxc4 28. Nxc4 Bd3+ 0-1

[Event "AUTO-ADV-17"]
[Site "http://www.queenalice.com/game.php?id=4538"]
[Date "2005.2.1"]
[Round "1"]
[White "Knightmare"]
[Black "torkonator"]
[Result "1-0"]
[WhiteElo "1770"]
[BlackElo "1622"]

1. d4 d5 2. Nf3 Nf6 3. e3 Bg4 4. Nbd2 e6 5. Bd3 Be7 6. O-O O-O 7. Re1 c5 8. c3
c4 9. Bc2 Nc6 10. b3 cxb3 11. axb3 Ne4 12. Nxe4 dxe4 13. Bxe4 Rc8 14. Qc2 b6 15.
Bxh7 Kh8 16. Be4 g6 17. Bxc6 Rxc6 18. Ne5 1-0

[Event "AUTO-ADV-17"]
[Site "http://www.queenalice.com/game.php?id=4543"]
[Date "2005.2.1"]
[Round "1"]
[White "gamelover"]
[Black "Knightmare"]
[Result "0-1"]
[WhiteElo "1856"]
[BlackElo "1750"]

1. d4 d5 2. c4 dxc4 3. Nf3 Nf6 4. e3 e6 5. Bxc4 c5 6. Qe2 a6 7. dxc5 Bxc5 8. O-O
Qc7 9. e4 O-O 10. Bg5 b5 11. Bd3 Nbd7 12. Nbd2 h6 13. Bh4 e5 14. a4 Nh5 15. Bg3
Nxg3 16. hxg3 bxa4 17. Rxa4 Qb6 18. Nc4 Qc7 19. Rc1 Rd8 20. Rc2 Bb7 21. Na5 Bc6
22. Nxc6 Qxc6 23. Rxa6 Qb7 24. Rxa8 Rxa8 25. Bc4 Qb6 26. Nh4 Nf6 27. Bd3 Ra1+
28. Kh2 Bxf2 29. Qf3 Bg1+ 30. Kh3 Bf2 31. Qf5 Rh1# 0-1

[Event "AUTO-ADV-17"]
[Site "http://www.queenalice.com/game.php?id=4544"]
[Date "2005.2.1"]
[Round "1"]
[White "Knightmare"]
[Black "gamelover"]
[Result "1-0"]
[WhiteElo "1672"]
[BlackElo "1883"]

1. d4 Nf6 2. Nf3 e6 3. e3 b6 4. Bd3 Bb7 5. O-O c5 6. c3 d6 7. Re1 cxd4 8. exd4
Nbd7 9. Bf4 Be7 10. Qc2 Bxf3 11. gxf3 Rc8 12. Nd2 O-O 13. Kh1 h6 14. Rg1 Nh5 15.
Bxh6 Ndf6 16. Rg2 Nd5 17. Rag1 Bf6 18. Ne4 Ndf4 19. Nxf6+ Qxf6 20. Bg5 1-0

[Event "AUTO-OPEN-25"]
[Site "http://www.queenalice.com/game.php?id=4803"]
[Date "2005.2.4"]
[Round "2"]
[White "leeroy"]
[Black "Knightmare"]
[Result "1-0"]
[WhiteElo "1633"]
[BlackElo "1668"]

1. e4 e5 2. Nf3 Nc6 3. Bb5 a6 4. Bxc6 dxc6 5. Nxe5 Qd4 6. Ng4 Qxe4+ 7. Ne3 Bd7
8. Nc3 Qe7 9. O-O f5 10. Qf3 O-O-O 11. d3 g6 12. Nc4 Bg7 13. Bf4 Re8 14. Bd2 Nf6
15. Bg5 h6 16. Bd2 Be6 17. Rfe1 Qf7 18. Ne5 1-0

[Event "AUTO-OPEN-25"]
[Site "http://www.queenalice.com/game.php?id=4804"]
[Date "2005.2.4"]
[Round "2"]
[White "Knightmare"]
[Black "leeroy"]
[Result "1-0"]
[WhiteElo "1641"]
[BlackElo "1650"]

1. d4 f5 2. Nf3 Nf6 3. c4 g6 4. Nc3 Bg7 5. Qc2 d6 6. e4 O-O 7. e5 Ne8 8. Bf4 c6
9. Be2 h6 10. O-O-O e6 11. h4 d5 12. Qd2 Rf7 13. Bxh6 Kf8 14. h5 gxh5 15. Nh4
Bxh6 16. Qxh6+ Ng7 17. Bxh5 Rd7 18. Qh8+ 1-0

[Event "AUTO-OPEN-25"]
[Site "http://www.queenalice.com/game.php?id=4809"]
[Date "2005.2.4"]
[Round "2"]
[White "Knightmare"]
[Black "Catamarca"]
[Result "1-0"]
[WhiteElo "1755"]
[BlackElo "1559"]

1. d4 d6 2. Nf3 Nf6 3. e3 g6 4. c4 b6 5. Be2 Bb7 6. Nbd2 Nbd7 7. O-O Bg7 8. b3
O-O 9. Bb2 c5 10. Rc1 Ne4 11. Nxe4 Bxe4 12. Ng5 Bb7 13. Bf3 Rb8 14. Bxb7 Rxb7
15. Qf3 Rc7 16. Ne4 Nf6 17. dxc5 Nxe4 18. cxd6 Nxd6 19. Bxg7 Kxg7 20. Rcd1 Rd7
21. Rd5 e6 22. Rd2 f5 23. Rfd1 Rff7 24. Qc6 Qc7 25. Qxc7 Rxc7 26. Rxd6 e5 27. f3
e4 28. fxe4 fxe4 29. Re6 Rce7 30. Rdd6 Kf8 31. b4 Rf5 32. Rf6+ Rxf6 33. Rxf6+
Ke8 34. Kf2 Re5 35. Rd6 Ke7 36. Rd2 a5 37. a3 axb4 38. axb4 Rf5+ 39. Kg3 h5 40.
Rc2 Kd6 41. c5 bxc5 42. Rxc5 Rxc5 43. bxc5+ Kxc5 44. Kf4 Kd5 45. g4 h4 46. h3
1-0

[Event "AUTO-OPEN-25"]
[Site "http://www.queenalice.com/game.php?id=4810"]
[Date "2005.2.4"]
[Round "2"]
[White "Catamarca"]
[Black "Knightmare"]
[Result "0-1"]
[WhiteElo "1531"]
[BlackElo "1704"]

1. e4 c5 2. Nf3 Nc6 3. d4 cxd4 4. Nxd4 Nf6 5. Nc3 e6 6. a3 Bc5 7. Nf3 Qb6 8. Qd2
Ng4 9. Bd3 Bxf2+ 10. Ke2 Be3 11. Qe1 Nd4+ 12. Nxd4 Bf2 13. Qf1 Bxd4 14. Nd1 O-O
15. h3 Nf6 16. Ne3 d5 17. Qf4 dxe4 18. Bxe4 Nxe4 19. Qxe4 Bxb2 20. Rb1 Qa6+ 21.
Nc4 Bxc1 22. Rhxc1 Rb8 23. Kf2 b6 24. Nd6 Bb7 25. Nxb7 Qxb7 26. Qe3 Rfd8 27. Rf1
Rbc8 28. c3 Qa6 29. Ra1 Rd3 30. Qf4 Rdxc3 31. Rfd1 Rxa3 32. Rac1 b5 33. Rc7 Qb6+
34. Kf1 Rf8 35. Qe5 b4 36. Rb1 b3 37. Qc3 Ra2 38. Rc5 Rc2 39. Qxc2 bxc2 40. Rxb6
axb6 0-1

[Event "Challenge"]
[Site "http://www.queenalice.com/game.php?id=5891"]
[Date "2005.2.24"]
[Round "-"]
[White "Knightmare"]
[Black "colorm"]
[Result "0-1"]
[WhiteElo "1764"]
[BlackElo "1837"]

1. d4 d5 2. Nf3 e6 3. e3 Nf6 4. Bd3 c5 5. O-O c4 6. Be2 b5 7. c3 Bd6 8. Re1 Qc7
9. a4 b4 10. Nbd2 b3 11. e4 dxe4 12. Ng5 Bxh2+ 13. Kh1 e3 14. fxe3 Bg3 15. Bxc4
Bxe1 16. Qxe1 Bb7 17. Bxb3 h6 18. Ngf3 Nbd7 19. e4 Rb8 20. Bc2 O-O 21. e5 Ng4
22. c4 f6 23. b3 fxe5 24. Qg3 Ne3 25. Bb1 Nf5 26. Bxf5 Rxf5 27. Kg1 Qa5 28. b4
Qxb4 29. Nf1 Bxf3 30. Bxh6 Qf8 31. c5 Bd5 32. Ne3 Rb3 0-1

[Event "Challenge"]
[Site "http://www.queenalice.com/game.php?id=6450"]
[Date "2005.3.8"]
[Round "-"]
[White "colorm"]
[Black "Knightmare"]
[Result "0-1"]
[WhiteElo "1837"]
[BlackElo "1732"]

1. Nf3 d5 2. d4 Nc6 3. e3 g6 4. b3 Bg7 5. Be2 Nf6 6. Bb2 O-O 7. h3 Bf5 8. O-O
Nb4 9. Na3 b6 10. Ne5 Ne4 11. Qe1 a5 12. c3 Na6 13. f3 Nd6 14. c4 dxc4 15. e4
Bc8 16. Naxc4 Bb7 17. Rd1 c6 18. Qc3 Qc7 19. Ba3 b5 0-1

[Event "Challenge"]
[Site "http://www.queenalice.com/game.php?id=6850"]
[Date "2005.3.14"]
[Round "-"]
[White "altair"]
[Black "Knightmare"]
[Result "0-1"]
[WhiteElo "1662"]
[BlackElo "1715"]

1. e4 e5 2. Nf3 Nc6 3. Bc4 Bc5 4. d3 d6 5. Nc3 Nf6 6. Bg5 h6 7. Bh4 a6 8. Nd5
Be6 9. Bxf6 gxf6 10. O-O f5 11. exf5 Bxf5 12. Re1 Bg4 13. h3 h5 14. hxg4 hxg4
15. g3 gxf3 16. c3 Bxf2 17. Kxf2 Rh2 18. Kxf3 Qg5 19. Rh1 e4 20. Kxe4 f5 0-1

[Event "Challenge"]
[Site "http://www.queenalice.com/game.php?id=7672"]
[Date "2005.3.24"]
[Round "-"]
[White "Knightmare"]
[Black "altair"]
[Result "1-0"]
[WhiteElo "1780"]
[BlackElo "1773"]

1. d4 d5 2. Nf3 Nc6 3. e3 Bg4 4. Nbd2 a6 5. Bd3 Nf6 6. O-O e6 7. Re1 Bb4 8. c3
Ba5 9. Qc2 O-O 10. e4 Bxf3 11. Nxf3 h6 12. Re3 Ng4 13. Re2 f5 14. exf5 exf5 15.
Bxf5 Nf6 16. Re3 Ne7 17. Be6+ Kh8 18. Ne5 Qe8 19. Rh3 Rd8 20. Bxh6 gxh6 21.
Rxh6+ Kg7 22. Rh3 Rh8 23. Rxh8 Qxh8 24. Nf7 Qh4 25. Nxd8 b5 26. Re1 c6 27. Nf7
Bc7 28. Ne5 Ne4 29. Re3 Ng6 30. Rh3 Qe7 31. Nxg6 Kxg6 32. Qe2 Qxe6 33. Qh5+ Kf6
34. Qh6+ Ke7 35. Qg7+ Qf7 36. Qxf7+ Kxf7 37. Rh7+ 1-0

[Event "AUTO-OPEN-25"]
[Site "http://www.queenalice.com/game.php?id=8209"]
[Date "2005.3.30"]
[Round "3"]
[White "Knightmare"]
[Black "Fraenkyboy"]
[Result "1/2-1/2"]
[WhiteElo "1824"]
[BlackElo "1676"]

1. d4 d5 2. Nf3 Nf6 3. e3 e6 4. Bd3 c5 5. c3 Nc6 6. O-O Be7 7. Re1 O-O 8. Qc2 c4
9. Bf1 Qc7 10. Nbd2 b5 11. b3 Rb8 12. e4 Bb7 13. g3 cxb3 14. axb3 dxe4 15. Nxe4
Nb4 16. Nxf6+ Bxf6 17. Qb2 Rfc8 18. Bf4 Qc6 19. Re3 Nd5 20. Rd3 Nxf4 21. gxf4
Qe4 22. Rxa7 Qg6+ 23. Kh1 Qg4 24. Bg2 Qxf4 25. Ne5 Bxg2+ 26. Kxg2 Bxe5 27. dxe5
Qxe5 28. Qd2 Ra8 29. Rxa8 Qe4+ 30. Kg1 Qxa8 31. Rd7 h6 32. Qf4 Qa1+ 33. Kg2 Qxc3
34. Qxf7+ Kh7 35. Qxe6 Qc6+ 36. Qxc6 Rxc6 37. Rb7 Rc5 38. b4 Rg5+ 39. Kf3 Rh5
40. Kg3 Rd5 41. f4 1/2-1/2

[Event "AUTO-OPEN-25"]
[Site "http://www.queenalice.com/game.php?id=8210"]
[Date "2005.3.30"]
[Round "3"]
[White "Fraenkyboy"]
[Black "Knightmare"]
[Result "0-1"]
[WhiteElo "1703"]
[BlackElo "1818"]

1. e4 Nc6 2. Nf3 e5 3. Bc4 Bc5 4. c3 Nf6 5. d3 O-O 6. O-O d6 7. Nbd2 Bg4 8. h3
Bh5 9. Re1 Na5 10. b4 Nxc4 11. Nxc4 Bb6 12. Nxb6 axb6 13. Qe2 h6 14. Qe3 Re8 15.
c4 Nd7 16. Nd2 Re6 17. Nb3 Nf8 18. d4 exd4 19. Qxd4 Qc8 20. Bb2 Rg6 21. Kh2 Ne6
22. Qe3 Qd7 23. f4 Nf8 24. f5 Rg5 25. g4 Re8 26. gxh5 Rxf5 27. exf5 Rxe3 28.
Rxe3 Qxf5 29. Rg1 Qf4+ 30. Reg3 g5 31. hxg6 Nxg6 32. Nd4 h5 33. h4 Qxh4+ 34. Rh3
Qf4+ 35. Kh1 Qe4+ 36. Rg2 Kf8 37. Rxh5 Nf4 38. Rh2 Nxg2 39. Rxg2 c5 40. bxc5
bxc5 41. Nb5 Qxc4 42. Nxd6 Qf1+ 0-1

[Event "Challenge"]
[Site "http://www.queenalice.com/game.php?id=9207"]
[Date "2005.4.8"]
[Round "-"]
[White "Knightmare"]
[Black "jimwilson"]
[Result "1-0"]
[WhiteElo "1796"]
[BlackElo "1694"]

1. d4 Nf6 2. Nf3 g6 3. c4 Bg7 4. Nc3 d6 5. e4 O-O 6. Be2 e5 7. d5 Nbd7 8. O-O
Nc5 9. Bg5 Re8 10. b4 Ncd7 11. a3 c6 12. dxc6 bxc6 13. Qxd6 Nf8 14. Qxc6 Bd7 15.
Bxf6 Qxf6 16. Qxf6 Bxf6 17. Nd5 Bd8 18. c5 Bc6 19. a4 Nd7 20. Rfc1 Nf6 21. Bc4
Rb8 22. b5 Ba8 23. Nxf6+ Bxf6 24. c6 a6 25. c7 Rbc8 26. b6 Bxe4 27. Bxa6 Bf5 28.
Bxc8 Bxc8 29. a5 e4 30. a6 Bxa1 31. b7 1-0

[Event "Challenge"]
[Site "http://www.queenalice.com/game.php?id=11152"]
[Date "2005.4.26"]
[Round "-"]
[White "altair"]
[Black "Knightmare"]
[Result "0-1"]
[WhiteElo "1805"]
[BlackElo "1808"]

1. e4 e5 2. Nf3 Nc6 3. Bb5 a6 4. Bxc6 dxc6 5. d3 Bc5 6. Nxe5 Qd4 7. Be3 Qxe5 8.
d4 Bb4+ 9. c3 Qxe4 10. cxb4 Bg4 11. Qc1 Qxg2 12. Kd2 Nf6 13. Nc3 O-O-O 14. Qc2
g6 15. Rag1 Qf3 16. Kc1 Bh3 17. Rg3 Qxh1+ 18. Nd1 Bg4 19. f3 Bxf3 20. Rg1 Bxd1
21. Rxd1 Qe4 22. Qf2 Ng4 0-1

[Event "silva"]
[Site "http://www.queenalice.com/game.php?id=11634"]
[Date "2005.5.1"]
[Round "-"]
[White "silvaguimaraes"]
[Black "Knightmare"]
[Result "0-1"]
[WhiteElo "1732"]
[BlackElo "1831"]

1. h3 e5 2. Nc3 Bc5 3. a3 d5 4. e4 d4 5. Na2 Nf6 6. d3 O-O 7. g4 Nc6 8. Bd2 Be6
9. g5 Nd7 10. h4 f5 11. Bh3 Bxa2 12. Rxa2 fxe4 13. dxe4 d3 14. Be3 dxc2 15. Qxc2
Qe7 16. Bxd7 Bxe3 17. Qb3+ Kh8 18. Qxe3 Qxd7 19. Ne2 Nd4 20. Nxd4 exd4 21. Qh3
Qf7 22. b3 Qf3 23. Qxf3 Rxf3 24. b4 Re8 25. Ke2 Rc3 26. f3 Rf8 27. Rf1 Re3+ 28.
Kd2 Rexf3 29. Rxf3 Rxf3 30. Ke2 Re3+ 31. Kf2 Rxe4 32. Re2 Rxe2+ 33. Kxe2 b6 34.
Kd3 c5 35. Ke4 g6 36. Kd3 Kg7 37. Ke4 Kf7 38. Kd3 Ke6 39. Ke4 a6 40. a4 cxb4 41.
Kxd4 b3 42. Kc3 Kf5 43. Kxb3 Kg4 44. Kb4 Kxh4 45. Kc4 Kxg5 46. Kd5 h5 47. Kc6 b5
48. axb5 axb5 49. Kxb5 h4 50. Kc4 h3 51. Kd3 h2 52. Kd4 h1=Q 53. Kc5 Kf5 54. Kd4
Qe4+ 0-1

[Event "sampa"]
[Site "http://www.queenalice.com/game.php?id=11833"]
[Date "2005.5.2"]
[Round "-"]
[White "Simone"]
[Black "Knightmare"]
[Result "0-1"]
[WhiteElo "926"]
[BlackElo "1829"]

1. e4 e5 2. Nf3 Nc6 3. a3 Nf6 4. Nc3 Bc5 5. h3 d5 6. exd5 Nxd5 7. Nxd5 Qxd5 8.
Be2 Bf5 9. d3 O-O-O 10. Bg5 f6 11. Bh4 e4 12. dxe4 Qxe4 13. Qc1 Rhe8 14. O-O
Qxe2 15. c3 Bxh3 16. Re1 Qd3 17. Rd1 Qg6 18. Bg3 Qxg3 19. Rxd8+ Rxd8 20. Qf1
Qxf3 21. gxf3 Bxf1 22. Rxf1 Ne5 23. f4 Nd3 24. b4 Bxf2+ 25. Kg2 Be3 26. f5 c5
27. b5 c4 28. a4 Bd2 29. Rh1 h6 30. Kg3 Bxc3 31. Kg4 Nc5 32. a5 Bxa5 33. Rc1 c3
34. Kh5 Nb3 35. Rg1 c2 36. Kg6 Rd1 37. Rg3 c1=Q 38. Kxg7 Rd7+ 39. Kxf6 Bc3+ 40.
Kg6 Rg7+ 41. Kh5 Qh1+ 42. Rh3 Qxh3# 0-1

[Event "AUTO-OPEN-25"]
[Site "http://www.queenalice.com/game.php?id=13168"]
[Date "2005.5.15"]
[Round "4"]
[White "leeroy"]
[Black "Knightmare"]
[Result "0-1"]
[WhiteElo "1752"]
[BlackElo "1843"]

1. d4 d5 2. c4 dxc4 3. Nf3 c5 4. Qa4+ Bd7 5. Qxc4 cxd4 6. Nxd4 e5 7. Nf3 Nf6 8.
Bg5 Nc6 9. Bxf6 Qxf6 10. e4 Bb4+ 11. Nc3 Rc8 12. Qd5 Qe7 13. Bb5 O-O 14. O-O Be6
15. Qd2 Rfd8 16. Qe2 Nd4 17. Nxd4 exd4 18. Nd1 Rc5 19. a3 Bd2 20. Bd3 Bf4 21. g3
Bh3 22. gxf4 Rg5+ 0-1

[Event "AUTO-OPEN-25"]
[Site "http://www.queenalice.com/game.php?id=13169"]
[Date "2005.5.15"]
[Round "4"]
[White "Knightmare"]
[Black "leeroy"]
[Result "1/2-1/2"]
[WhiteElo "1847"]
[BlackElo "1819"]

1. d4 f5 2. Nf3 g6 3. Bg5 h6 4. Bf4 d6 5. c4 Be6 6. e3 Nf6 7. Nc3 Bg7 8. Bd3 g5
9. Bg3 Nh5 10. Qc2 Qd7 11. d5 Bf7 12. Bxf5 Qd8 13. Bg6 Nf6 14. h4 g4 15. Nd4 O-O
16. Bxf7+ Rxf7 17. Ne6 Qd7 18. Qg6 Na6 19. Bf4 Nc5 20. Nxc5 dxc5 21. Bxh6 Raf8
22. O-O-O Kh8 23. Bf4 Qe8 24. h5 Rg8 25. f3 Bf8 26. Qd3 Rh7 27. Be5 Rg5 28.
Bxf6+ exf6 29. Ne4 Rh6 30. Nxg5 fxg5 31. fxg4 Bg7 32. e4 Qe5 33. Rd2 Rb6 34. Rf1
Rxb2 35. Rf8+ Bxf8 36. Rxb2 b6 37. Rf2 Bg7 38. Kd2 Qb2+ 39. Qc2 Qd4+ 40. Ke2 Be5
41. Rf1 Bf4 42. Qd3 Qb2+ 43. Kf3 Qe5 44. a4 a5 45. Rg1 Qf6 46. Rf1 Qe5 47. Rh1
1/2-1/2

[Event "QA-ANNIV-01"]
[Site "http://www.queenalice.com/game.php?id=15374"]
[Date "2005.6.4"]
[Round "1"]
[White "Knightmare"]
[Black "mandaragit"]
[Result "0-1"]
[WhiteElo "1855"]
[BlackElo "2056"]

1. d4 d5 2. Nf3 e6 3. e3 Bd6 4. Bd3 Nf6 5. O-O Nbd7 6. Re1 Ne4 7. Nbd2 f5 8. c4
c6 9. b3 O-O 10. Bb2 Qf6 11. Rc1 g5 12. Nf1 g4 13. N3d2 Qh4 14. Re2 Rf6 15. f4
gxf3 16. Nxf3 Qh5 17. Rec2 Rh6 18. Be2 Ndf6 19. Qe1 Bd7 20. Ne5 Qg5 21. Nf3 Qg7
22. cxd5 exd5 23. Ne5 Kh8 24. Nxd7 Nxd7 25. Bf3 Ndf6 26. a3 Rg8 27. g3 Qe7 28.
b4 a6 29. Ba1 Rhg6 30. Bg2 Re8 31. Qd1 Ng4 32. Qd3 Qg5 33. Re2 Rge6 34. Rce1 h5
35. Qc2 R8e7 36. Bb2 h4 37. gxh4 Qxh4 0-1

[Event "AUTO-ADV-17"]
[Site "http://www.queenalice.com/game.php?id=23035"]
[Date "2005.8.7"]
[Round "2"]
[White "Knightmare"]
[Black "mandaragit"]
[Result "1/2-1/2"]
[WhiteElo "1860"]
[BlackElo "2142"]

1. d4 Nf6 2. Nf3 d6 3. e3 Nbd7 4. Bd3 e5 5. dxe5 dxe5 6. Nc3 Be7 7. O-O O-O 8.
b3 c6 9. Bb2 Qc7 10. Rc1 b5 11. Ne4 Nxe4 12. Bxe4 f5 13. Bd5+ Kh8 14. Be6 e4 15.
Bxd7 Bxd7 16. Ne5 Be6 17. Qh5 Kg8 18. f4 Rad8 19. Rcd1 Bf6 20. c4 b4 21. a3 a5
22. Rd4 Rxd4 23. Bxd4 bxa3 24. Ra1 Be7 25. c5 Bxb3 26. Rxa3 a4 27. h3 Qc8 28. g4
Bf6 29. g5 Bxe5 30. Bxe5 Qe6 31. Qe2 Rd8 32. Ra1 Rd3 33. Bd4 Qd7 34. Qb2 Qf7 35.
Kg2 Qh5 36. Rxa4 Qf3+ 37. Kh2 Qd1 38. Ra2 Bxa2 39. Qb8+ 1/2-1/2

[Event "AUTO-ADV-17"]
[Site "http://www.queenalice.com/game.php?id=23036"]
[Date "2005.8.7"]
[Round "2"]
[White "mandaragit"]
[Black "Knightmare"]
[Result "1/2-1/2"]
[WhiteElo "2146"]
[BlackElo "1848"]

1. d4 d5 2. c4 dxc4 3. e3 e5 4. Bxc4 exd4 5. exd4 Bb4+ 6. Nc3 Nf6 7. Nf3 O-O 8.
O-O Bg4 9. Be3 Nbd7 10. h3 Bh5 11. Be2 Re8 12. Qb3 c5 13. Rfd1 Qc7 14. Rac1 Bxc3
15. Rxc3 b6 16. dxc5 Nxc5 17. Bxc5 bxc5 18. Bf1 Rab8 19. Qa3 Ne4 20. Re3 Nf6 21.
Rxe8+ Rxe8 22. Rc1 Ne4 23. g4 Qf4 24. Re1 Bg6 25. Bg2 f5 26. Qe3 Qxe3 27. Rxe3
fxg4 28. hxg4 c4 29. Bf1 Bf7 30. Nd4 Kf8 31. Nb5 a5 32. Na3 Nd2 33. Re2 c3
1/2-1/2

[Event "QA-ANNIV-01"]
[Site "http://www.queenalice.com/game.php?id=28973"]
[Date "2005.9.16"]
[Round "2"]
[White "Scarlet_Spider"]
[Black "Knightmare"]
[Result "1-0"]
[WhiteElo "1766"]
[BlackElo "1871"]

1. e4 e5 2. Nf3 Nc6 3. Bb5 Nf6 4. O-O a6 5. Ba4 b5 6. Bb3 Bc5 7. Re1 O-O 8. c3
Re8 9. d4 exd4 10. cxd4 Bb4 11. Nc3 d6 12. Qd3 Na5 13. Bc2 Bb7 14. a3 Bxc3 15.
Qxc3 c5 16. d5 h6 17. h3 Rc8 18. Bf4 Ba8 19. b3 c4 20. b4 Nb3 21. Rad1 Nh5 22.
Bh2 Nf6 23. Re3 Bb7 24. Nh4 Nxe4 25. Rxe4 Rxe4 26. Nf5 Re5 27. Bxe5 dxe5 28.
Qxe5 1-0